CPD 2025 - Statistiques

Statistiques générales
  • Ce quiz a été pris 6 fois
  • Le résultat moyen est 14 sur 30
Statistiques - réponses
Réponse % Correct
Cuvier
83%
Gillot
83%
Mege Revil
83%
Davin
67%
Foucaut
67%
Obligado
67%
Rolland
67%
Semet
67%
Tandjaoui
67%
Attia
50%
Castelain
50%
Dhainaut
50%
El Bartali
50%
Gambet
50%
Patrouix
50%
Tejada
50%
Weisrock
50%
Yin
50%
Barbet
33%
Bhouri
33%
Dufrenoy
33%
Le picart
33%
Limodin
33%
Royes
33%
Adibi
17%
Dao
17%
Pierre Hottebart
17%
Farnsworth
0%
Najjar
0%
Witz
0%
Aucun quiz correspondant
Distribution des résultats
% des personnes avec chaque résultat
Percentile par nombre de réponses
Votre historique - résultats
Vous n’avez pas pris ce quiz